000 01468cam a22003615i 4500
999 _c28159
_d28130
001 19360520
003 EG-ScBUE
005 20201128024424.0
008 161101t20182018maua f d 001 0 eng d
020 _a9781305970663
020 _a1305970667
040 _aDLC
_beng
_erda
_cDLC
_dEG-ScBUE
082 0 4 _a658.155
_bHAN
_222
100 1 _aHansen, Don R.,
_eauthor.
245 1 0 _aCornerstones of cost management /
_cDon R. Hansen, Professor Emeritus of Accounting, Oklahoma State University, Maryanne M. Mowen, Professor of Accounting, Oklahoma State University.
250 _aFourth edition.
264 1 _aBoston, MA :
_bCengage Learning,
_c[2018]
264 4 _cc2018
300 _axvii, 1116 pages :
_billustrations ;
_c28 cm
336 _atext
_btxt
_2rdacontent
337 _aunmediated
_bn
_2rdamedia
338 _avolume
_bnc
_2rdacarrier
500 _aIncludes indxe.
500 _aIncludes glossary.
520 _aIntroduces students to the how and the why of cost management. This text provides a foundation with its step-by-step Cornerstones learning system and asks them to take understanding to the next level by getting at the conceptual understanding that they often struggle to grasp.
650 7 _aCost accounting.
_2BUEsh
650 7 _aCost control.
_2BUEsh
650 7 _aManagerial accounting.
_2BUEsh
653 _bBUSADM
_cFebruary2020
655 _vText book
_933728
700 1 _aMowen, Maryanne M.,
_eauthor.
_92230
942 _2ddc
_cBB